000 00997cam a22002531 4500
001 hew68000049
003 DLC
005 20260227111517.0
008 710901s1968 dcu b 00010 eng c
010 _ahew68000049 //r903
040 _aU.S. Dept. of Health, Education, and Welfare. Library HV741
_cDLC
_dDLC
043 _an-us---
050 0 0 _aHV9104
_b.M26
051 _aHV741
_b.A32 no. 455
_cCopy 3.
082 0 0 _a364.8/0973
100 1 0 _aManella, Raymond L.
245 1 0 _aPost-institutional services for delinquent youth
_c[by] Raymond L. Manella.
260 0 _a[Washington]
_bU.S. Dept. of Health, Education, and Welfare, Children's Bureau; [for sale by Supt. of Docs., U.S. Govt. Print. Off.]
_c1967 [i.e. 1968]
300 _a50 p.
_c24 cm.
490 1 _aChildren's Bureau. Publication no. 455
504 _aBibliographical footnotes.
650 0 _aJuvenile delinquents
_xRehabilitation
_zUnited States.
830 0 _aBureau publication (United States. Children's Bureau) ;
_vno. 455.
999 _c34768
_d34768